[Event "U-20 Pan-American Chess Championship Absolute 2022"]
[Site "(Pereira - Risaralda) Gran Hotel. Calle 19 # 9-19"]
[Date "2022.08.26"]
[Round "7"]
[Board "1"]
[White "Flores Quillas, Diego Saul Rodri"]
[Black "Lu, Maximillian"]
[Result "1-0"]
[WhiteElo "2200"]
[BlackElo "2442"]
[PlyCount "133"]
[EventDate "2022.08.23"]
[EventRounds "9"]
[EventCountry "COL"]

1. e4 c5 2. Nf3 d6 3. d4 cxd4 4. Nxd4 Nf6 5. f3 a6 6. c4 e6 7. Nc3 Be7 8. Be3
O-O 9. Be2 b6 10. Qd2 Bb7 11. O-O Nbd7 12. a4 Rc8 13. a5 Ne5 14. axb6 Nfd7 15.
b3 Nxb6 16. Rfc1 Re8 17. Nc2 Ned7 18. Bf1 Bf6 19. Bd4 Bg5 20. Be3 Bf6 21. Bd4
Bg5 22. Be3 Be7 23. Bd4 h5 24. Qf2 Bh4 25. g3 Bf6 26. Rd1 d5 27. exd5 exd5 28.
Nxd5 Nxd5 29. cxd5 Qc7 30. Nb4 Bxd4 31. Qxd4 Ne5 32. Be2 a5 33. Nd3 Nxd3 34.
Bxd3 Red8 35. Bc4 Rd6 36. Qd2 h4 37. Qxa5 Qe7 38. Qe1 Qxe1+ 39. Rxe1 Bxd5 40.
Rad1 Rcd8 41. Rxd5 Rxd5 42. Bxd5 Rxd5 43. Rb1 Kf8 44. b4 Ke7 45. Kg2 hxg3 46.
hxg3 Rd3 47. f4 Kd6 48. Kh3 Kc6 49. Kg4 Rd4 50. b5+ Kb6 51. Rh1 g6 52. Rh7 Rd7
53. Kg5 Kxb5 54. Kf6 Rd3 55. Rh3 Rd7 56. g4 Rd4 57. Rf3 Rd7 58. g5 Kc5 59. Re3
Rd4 60. Kxf7 Rxf4+ 61. Kxg6 Kd6 62. Kg7 Rf1 63. g6 Kd7 64. Kg8 Rg1 65. g7 Rg4
66. Rh3 Ke7 67. Kh7   1-0

[Event "U-20 Pan-American Chess Championship Absolute 2022"]
[Site "(Pereira - Risaralda) Gran Hotel. Calle 19 # 9-19"]
[Date "2022.08.26"]
[Round "7"]
[Board "2"]
[White "Avila Rodriguez, Joshua Ad"]
[Black "Vasquez Vargas, Henry Richard"]
[Result "1-0"]
[WhiteElo "2215"]
[BlackElo "2130"]
[PlyCount "96"]
[EventDate "2022.08.23"]
[EventRounds "9"]
[EventCountry "COL"]

1. e4 c5 2. Nf3 d6 3. d4 cxd4 4. Nxd4 Nf6 5. Nc3 a6 6. Bg5 e6 7. f4 Be7 8. Qf3
Qc7 9. O-O-O Nbd7 10. g4 b5 11. Bxf6 Nxf6 12. g5 Nd7 13. f5 O-O 14. Rg1 b4 15.
Nce2 e5 16. f6 exd4 17. fxe7 Re8 18. Nxd4 Ne5 19. Qb3 Qc5 20. Qd5 Qxd5 21. exd5
Bg4 22. Re1 Bd7 23. Bg2 Rxe7 24. Nc6 Bxc6 25. dxc6 Rc7 26. Re4 Nxc6 27. Rd1
Rac8 28. Bh3 Rd8 29. Rxd6 Kf8 30. Rxd8+ Nxd8 31. Rxb4 Rc5 32. Rg4 Ne6 33. b4
Re5 34. Bg2 Nxg5 35. h4 Ne6 36. Re4 Rd5 37. Rxe6 fxe6 38. Bxd5 exd5 39. Kd2 Ke7
40. Ke3 Kd6 41. Kf4 Ke6 42. a4 Kd6 43. Kf5 Kc6 44. Ke5 g6 45. Kf6 d4 46. Ke5 a5
47. b5+ Kc5 48. Kf6 Kd6   1-0

[Event "U-20 Pan-American Chess Championship Absolute 2022"]
[Site "(Pereira - Risaralda) Gran Hotel. Calle 19 # 9-19"]
[Date "2022.08.26"]
[Round "7"]
[Board "3"]
[White "Esmeraldas Huachi, Anderson"]
[Black "Escalona Landi, Samid Eduardo"]
[Result "0-1"]
[WhiteElo "2081"]
[BlackElo "2191"]
[PlyCount "94"]
[EventDate "2022.08.23"]
[EventRounds "9"]
[EventCountry "COL"]

1. d4 Nf6 2. c4 g6 3. Nc3 Bg7 4. e4 d6 5. Nf3 O-O 6. Be2 e5 7. d5 a5 8. O-O Na6
9. Ne1 Nc5 10. Qc2 Bd7 11. b3 b6 12. Rb1 Nfxe4 13. Nxe4 Nxe4 14. Bd3 Nc5 15. f3
f5 16. Be3 Qe7 17. Qd2 Rae8 18. Bxc5 dxc5 19. Nc2 e4 20. fxe4 fxe4 21. Rbe1
Rxf1+ 22. Bxf1 e3 23. Rxe3 Bd4 24. Qxd4 cxd4 25. Rxe7 Rxe7 26. Nxd4 Re1 27. Kf2
Rd1 28. Nf3 Rb1 29. Ne5 Rb2+ 30. Ke3 Be8 31. c5 bxc5 32. Nd3 Rc2 33. a4 c4 34.
Ne1 Rc3+ 35. Kd2 Rxb3 36. Bxc4 Rb4 37. Kc3 Kf8 38. Nd3 Rxa4 39. Nc5 Rb4 40.
Ne6+ Ke7 41. Nxc7 Bd7 42. Na6 Rb1 43. Nc5 a4 44. Ne4 a3 45. d6+ Kd8 46. Bg8 Rb2
47. Nd2 Ba4   0-1

[Event "U-20 Pan-American Chess Championship Absolute 2022"]
[Site "(Pereira - Risaralda) Gran Hotel. Calle 19 # 9-19"]
[Date "2022.08.26"]
[Round "7"]
[Board "4"]
[White "Castro Silva, Moises Antonio"]
[Black "Wong Pages, Juan"]
[Result "1-0"]
[WhiteElo "2169"]
[BlackElo "2008"]
[PlyCount "129"]
[EventDate "2022.08.23"]
[EventRounds "9"]
[EventCountry "COL"]

1. e4 c5 2. Nf3 d6 3. d4 cxd4 4. Nxd4 Nf6 5. Nc3 g6 6. Be3 Bg7 7. f3 O-O 8. Qd2
Nc6 9. O-O-O Nxd4 10. Bxd4 Qa5 11. Kb1 Rd8 12. Bc4 Be6 13. Nd5 Qxd2 14. Rxd2
Bxd5 15. exd5 Rdc8 16. Bb3 a5 17. a4 Nd7 18. Bxg7 Kxg7 19. Re1 Kf6 20. Rde2 Re8
21. Bc4 Rac8 22. Bb5 Rc7 23. Re4 e5 24. dxe6 fxe6 25. Rd1 Ke7 26. Red4 d5 27.
c4 Kd6 28. cxd5 e5 29. R4d3 Re7 30. Bxd7 Rexd7 31. Rb3 Rc4 32. Rb6+ Kc7 33. Re6
Rxa4 34. Rxe5 Rc4 35. d6+ Kb6 36. g3 Rc5 37. Rdd5 Rc4 38. Re7 Kc6 39. Rxd7 Kxd7
40. Rxa5 Kxd6 41. Ra3 Rc7 42. Rd3+ Ke5 43. Rc3 Rf7 44. Kc2 Kd4 45. Rd3+ Kc4 46.
Rc3+ Kb4 47. f4 Re7 48. Kd2 b5 49. g4 Re4 50. Rf3 g5 51. Kd3 Rxf4 52. Rxf4+
gxf4 53. h4 Kb3 54. g5 f3 55. h5 f2 56. Ke2 Kxb2 57. g6 hxg6 58. hxg6 f1=Q+ 59.
Kxf1 b4 60. g7 b3 61. g8=Q Ka1 62. Ke2 b2 63. Qa8+ Kb1 64. Kd3 Kc1 65. Qh1#   1-0

[Event "U-20 Pan-American Chess Championship Absolute 2022"]
[Site "(Pereira - Risaralda) Gran Hotel. Calle 19 # 9-19"]
[Date "2022.08.26"]
[Round "7"]
[Board "5"]
[White "Cardenas Encalada, David Josue"]
[Black "Rojas Salas, Steven"]
[Result "0-1"]
[WhiteElo "1669"]
[BlackElo "2199"]
[PlyCount "78"]
[EventDate "2022.08.23"]
[EventRounds "9"]
[EventCountry "COL"]

1. d4 d5 2. Nf3 Nf6 3. b3 c5 4. Bb2 cxd4 5. Qxd4 Nc6 6. Qd1 Bf5 7. e3 e6 8. Bd3
Bxd3 9. cxd3 Qa5+ 10. Bc3 Qa6 11. O-O Be7 12. a3 O-O 13. Bb2 Nd7 14. b4 Qb6 15.
Nc3 a5 16. b5 Na7 17. Rb1 Nc8 18. Na4 Qd6 19. Nc3 Ncb6 20. a4 Rfc8 21. Ne2 Qb4
22. Bd4 Qxa4 23. Rb3 Bb4 24. Nf4 Bd6 25. Nh5 e5 26. Ba1 Nc5 27. Rb1 Qxd1 28.
Rfxd1 Ncd7 29. d4 e4 30. Ne5 f6 31. Nxd7 Nxd7 32. Rdc1 Nb6 33. Nf4 Bxf4 34.
exf4 Rc4 35. Rxc4 Nxc4 36. Bc3 b6 37. Kf1 Rc8 38. Ke2 Nd6 39. Kd2 e3+   0-1

[Event "U-20 Pan-American Chess Championship Absolute 2022"]
[Site "(Pereira - Risaralda) Gran Hotel. Calle 19 # 9-19"]
[Date "2022.08.26"]
[Round "7"]
[Board "6"]
[White "Mendez Machado, Andre"]
[Black "Quiroga Jaquez, Angel Ivan"]
[Result "1-0"]
[WhiteElo "1995"]
[BlackElo "2151"]
[PlyCount "55"]
[EventDate "2022.08.23"]
[EventRounds "9"]
[EventCountry "COL"]

1. e4 e5 2. Nf3 Nc6 3. Bc4 Nf6 4. Ng5 d5 5. exd5 b5 6. Bf1 Qxd5 7. Nc3 Qd7 8.
Bxb5 Bb7 9. O-O Bc5 10. Nf3 Qd6 11. Nxe5 O-O 12. Nxc6 Bxc6 13. Bxc6 Qxc6 14.
Qf3 Qe6 15. d3 Rae8 16. Bg5 Ng4 17. h3 Ne5 18. Qg3 f5 19. Rae1 Bd4 20. Nb5 Qb6
21. Nxd4 Qxd4 22. Be3 Qxb2 23. Bc5 Rf6 24. d4 Rg6 25. Rxe5 Rxg3 26. Rxe8+ Kf7
27. Re7+ Kf6 28. fxg3   1-0

[Event "U-20 Pan-American Chess Championship Absolute 2022"]
[Site "(Pereira - Risaralda) Gran Hotel. Calle 19 # 9-19"]
[Date "2022.08.26"]
[Round "7"]
[Board "8"]
[White "Cabezas Solano, David Alejandro"]
[Black "Tobar B, Jorge Esteban"]
[Result "1-0"]
[WhiteElo "2196"]
[BlackElo "1929"]
[PlyCount "60"]
[EventDate "2022.08.23"]
[EventRounds "9"]
[EventCountry "COL"]

1. Nf3 e6 2. g3 f5 3. Bg2 Nf6 4. O-O g6 5. d4 Bg7 6. c4 O-O 7. Nc3 d6 8. Qc2
Nc6 9. b3 e5 10. dxe5 dxe5 11. Ba3 Re8 12. Rad1 Bd7 13. e4 Qc8 14. Rfe1 fxe4
15. Nxe4 Bf5 16. Nxf6+ Bxf6 17. Qc1 Bh3 18. Bh1 Bg4 19. Re3 e4 20. Rde1 Bxf3
21. Bxf3 Bg5 22. Bg2 Bxe3 23. Qxe3 Ne5 24. Bxe4 c6 25. Bb2 Qg4 26. Qc3 Rad8 27.
f4 Nf3+ 28. Bxf3 Rxe1+ 29. Kf2 Qxf3+ 30. Kxf3 Ra8   1-0

[Event "U-20 Pan-American Chess Championship Absolute 2022"]
[Site "(Pereira - Risaralda) Gran Hotel. Calle 19 # 9-19"]
[Date "2022.08.26"]
[Round "7"]
[Board "9"]
[White "Garcia De Dios, Jose Antonio"]
[Black "Vargas Viscaino, Jesus Daniel"]
[Result "1-0"]
[WhiteElo "2135"]
[BlackElo "1942"]
[PlyCount "192"]
[EventDate "2022.08.23"]
[EventRounds "9"]
[EventCountry "COL"]

1. d4 d5 2. c4 e6 3. g3 c6 4. Bg2 Nf6 5. Nf3 dxc4 6. Ne5 Bb4+ 7. Bd2 Be7 8. Bc3
O-O 9. Nxc4 b5 10. Ba5 Qe8 11. Ne5 Bb7 12. O-O Nd5 13. Nd3 Nd7 14. Qc2 Rc8 15.
Nc5 Ba8 16. Nd2 Bf6 17. Nde4 Bxd4 18. Nd6 Qe7 19. Nxd7 Qxd6 20. Nxf8 Qxf8 21.
e3 Bc5 22. Rac1 Be7 23. a4 b4 24. Rfd1 Bb7 25. Qe2 Qe8 26. e4 Nf6 27. g4 h6 28.
h4 c5 29. g5 hxg5 30. hxg5 Nh7 31. g6 fxg6 32. Qg4 Nf8 33. e5 Bxg2 34. Qxg2
Qxa4 35. Qb7 Re8 36. Ra1 Qc2 37. Qc6 Bh4 38. Rf1 Qe2 39. b3 Qg4+ 40. Qg2 Qxg2+
41. Kxg2 Be7 42. Bc7 Ra8 43. Ra6 Bd8 44. Bxd8 Rxd8 45. Rxa7 Rd3 46. Rc1 Nd7 47.
Kf1 g5 48. Rc7 Rd5 49. Ra1 Nxe5 50. Raa7 Kh7 51. Rxg7+ Kh6 52. Rge7 Rd6 53.
Rac7 Nc6 54. Re8 Kg6 55. Rec8 Nd4 56. Rxc5 Nxb3 57. Rb5 Nd4 58. Rxb4 Kf5 59.
Rf8+ Ke4 60. Kg2 Rd5 61. Re8 e5 62. Rg8 Kf5 63. Rb7 Ne6 64. Rf7+ Ke4 65. Kg3
Rd1 66. Re8 Nd4 67. f3+ Kd5 68. Rd7+ Kc6 69. Rf7 Kd5 70. Ra8 Ke6 71. Rff8 Rd3
72. Kg4 Ke7 73. Rae8+ Kd6 74. Rf6+ Kd5 75. Rd8+ Kc4 76. Rdf8 Rd1 77. Kxg5 Rg1+
78. Kh4 Kd3 79. Re8 Re1 80. Kg3 Re3 81. Kf2 Re2+ 82. Kf1 Re3 83. Ref8 Kd2 84.
Kf2 Re2+ 85. Kg3 Re3 86. Kg4 Kd3 87. Ra6 Re1 88. Ra3+ Kc4 89. Kg3 Rg1+ 90. Kf2
Rg5 91. Ra5 Kb4 92. f4 Kxa5 93. fxg5 Kb5 94. g6 Ne6 95. Re8 Ng7 96. Re7 Nf5   1-0

[Event "U-20 Pan-American Chess Championship Absolute 2022"]
[Site "(Pereira - Risaralda) Gran Hotel. Calle 19 # 9-19"]
[Date "2022.08.26"]
[Round "7"]
[Board "10"]
[White "Loaiza Cuervo, Santiago"]
[Black "Puerta Rendon, Jacobo"]
[Result "1-0"]
[WhiteElo "2082"]
[BlackElo "1662"]
[PlyCount "66"]
[EventDate "2022.08.23"]
[EventRounds "9"]
[EventCountry "COL"]

1. e4 e5 2. Nf3 Nc6 3. Bb5 a6 4. Ba4 Nf6 5. O-O Be7 6. Re1 b5 7. Bb3 d6 8. c3
O-O 9. h3 Na5 10. Bc2 c5 11. d4 Qc7 12. d5 Re8 13. b3 Bf8 14. Nbd2 g6 15. a4
Bd7 16. Nf1 bxa4 17. bxa4 Rab8 18. Qe2 Rb6 19. N3d2 Reb8 20. Ne3 Nh5 21. Nec4
R6b7 22. Nxa5 Qxa5 23. Nc4 Qc7 24. a5 Bb5 25. Bb3 Nf4 26. Qc2 Qe7 27. Kh2 Bd7
28. Nb6 Qh4 29. Nxd7 Rxd7 30. Bc4 g5 31. Bf1 Qh5 32. g3 Nxh3 33. g4 c4   1-0

[Event "U-20 Pan-American Chess Championship Absolute 2022"]
[Site "(Pereira - Risaralda) Gran Hotel. Calle 19 # 9-19"]
[Date "2022.08.26"]
[Round "7"]
[Board "11"]
[White "Mora Munoz, Alejandro"]
[Black "Bosquez Leguisamo, Joel Alexander"]
[Result "1-0"]
[WhiteElo "1973"]
[BlackElo "1296"]
[PlyCount "113"]
[EventDate "2022.08.23"]
[EventRounds "9"]
[EventCountry "COL"]

1. e4 c5 2. Nf3 d6 3. d4 cxd4 4. Nxd4 Nc6 5. c4 Nf6 6. Nc3 g6 7. Be2 Bg7 8. Be3
O-O 9. O-O Nxd4 10. Bxd4 Be6 11. f3 Nd7 12. Be3 Rc8 13. Nd5 Bxd5 14. Qxd5 Qc7
15. Rac1 Qc6 16. Qd2 Qa4 17. b3 Qa3 18. Kh1 b6 19. Rc2 a5 20. Qe1 Ra8 21. Bc1
Qc5 22. f4 Qc7 23. Rf3 f5 24. exf5 Nc5 25. Rh3 Rxf5 26. Bg4 Rf7 27. Be6 Nxe6
28. Qxe6 Qc8 29. Qd5 Rb8 30. a4 Qf5 31. Qxf5 Rxf5 32. Rf3 Rbf8 33. Be3 Rb8 34.
Kg1 h5 35. h3 Bh6 36. g4 Rf7 37. Rd2 hxg4 38. hxg4 Bf8 39. Rd5 e5 40. Rb5 exf4
41. Bxb6 d5 42. Bxa5 Rxb5 43. axb5 Ra7 44. Bd8 Bc5+ 45. Kg2 Ra2+ 46. Kf1 Ra1+
47. Ke2 dxc4 48. bxc4 Be3 49. Bg5 Ra2+ 50. Kd3 Kf7 51. Bxf4 Bxf4 52. Rxf4+ Ke6
53. Rd4 Ra3+ 54. Kc2 Ke5 55. Rd8 Rg3 56. b6 Rxg4 57. b7   1-0

[Event "U-20 Pan-American Chess Championship Absolute 2022"]
[Site "(Pereira - Risaralda) Gran Hotel. Calle 19 # 9-19"]
[Date "2022.08.26"]
[Round "7"]
[Board "12"]
[White "Gonzalez Mojica, Renan Arturo"]
[Black "Mayta Aiza, Maveric"]
[Result "1/2-1/2"]
[WhiteElo "1970"]
[BlackElo "1962"]
[PlyCount "81"]
[EventDate "2022.08.23"]
[EventRounds "9"]
[EventCountry "COL"]

1. d4 d5 2. c4 c6 3. cxd5 cxd5 4. Bf4 Nc6 5. e3 a6 6. Nc3 e6 7. Bd3 Nf6 8. Rc1
Bd6 9. Bxd6 Qxd6 10. f4 O-O 11. Nf3 Qe7 12. O-O h6 13. Ne5 Bd7 14. Rf3 Nxe5 15.
fxe5 Nh7 16. Rg3 f5 17. Ne2 Rac8 18. Rxc8 Rxc8 19. Nf4 Be8 20. h3 Bf7 21. Qb1
Rc6 22. Rf3 Ng5 23. Rf1 Qb4 24. h4 Ne4 25. Bxe4 fxe4 26. Rf2 Qc4 27. Ne2 Qd3
28. Qxd3 exd3 29. Nc3 b5 30. a3 a5 31. Rd2 b4 32. axb4 axb4 33. Na2 b3 34. Nb4
Rc2 35. Rxc2 dxc2 36. Nd3 Be8 37. Kf2 Bb5 38. Nc1 Bc4 39. h5 g6 40. g4 gxh5 41.
gxh5   1/2-1/2

[Event "U-20 Pan-American Chess Championship Absolute 2022"]
[Site "(Pereira - Risaralda) Gran Hotel. Calle 19 # 9-19"]
[Date "2022.08.26"]
[Round "7"]
[Board "13"]
[White "Ramirez Madrid, Gerardo Alfonso"]
[Black "Picasso Periche, Luis Willian Alberto"]
[Result "0-1"]
[WhiteElo "1967"]
[BlackElo "1226"]
[PlyCount "98"]
[EventDate "2022.08.23"]
[EventRounds "9"]
[EventCountry "COL"]

1. Nf3 g6 2. c4 Bg7 3. d4 d6 4. g3 Nf6 5. Nc3 O-O 6. Bg2 Bg4 7. h3 Bxf3 8. Bxf3
c6 9. e4 e5 10. Be3 Nbd7 11. O-O Re8 12. Qc2 Qe7 13. Bg2 Rac8 14. Rad1 a6 15.
dxe5 dxe5 16. Rd2 Qe6 17. c5 Bf8 18. b4 a5 19. a3 Ra8 20. Qb2 axb4 21. axb4 Nb8
22. Rfd1 Nfd7 23. Nd5 cxd5 24. exd5 Qa6 25. c6 Qb5 26. cxd7 Nxd7 27. Bf1 Qxb4
28. Qxb4 Bxb4 29. Rb2 Bc3 30. Rxb7 Nf6 31. d6 Rad8 32. Bb5 Re6 33. d7 Ba5 34.
Ra1 Bb4 35. Bb6 Rxb6 36. Rxb6 Kg7 37. Rc1 Nd5 38. Bc6 Nxb6 39. Rb1 Bc5 40. Rb5
Bd4 41. Kg2 Kf8 42. f4 f6 43. Kf3 Ke7 44. g4 Kd6 45. Be4 Rxd7 46. g5 Rf7 47.
Kg3 exf4+ 48. Kxf4 fxg5+ 49. Kxg5 Be3+   0-1

[Event "U-20 Pan-American Chess Championship Absolute 2022"]
[Site "(Pereira - Risaralda) Gran Hotel. Calle 19 # 9-19"]
[Date "2022.08.27"]
[Round "8"]
[Board "1"]
[White "Castro Silva, Moises Antonio"]
[Black "Flores Quillas, Diego Saul Rodri"]
[Result "0-1"]
[WhiteElo "2169"]
[BlackElo "2200"]
[PlyCount "110"]
[EventDate "2022.08.23"]
[EventRounds "9"]
[EventCountry "COL"]

1. Nf3 d5 2. b3 Bf5 3. Bb2 e6 4. e3 Nf6 5. Be2 Nbd7 6. Nh4 Bg6 7. O-O Bd6 8. f4
Qe7 9. c4 Bxb1 10. Rxb1 c6 11. Nf3 h6 12. Ne5 O-O-O 13. b4 dxc4 14. Nxc4 Bc7
15. Bd4 Nb6 16. Na5 g5 17. Ba6 bxa6 18. Nxc6 Qd6 19. Rc1 Nfd5 20. Be5 Qd7 21.
e4 f6 22. exd5 fxe5 23. dxe6 Qxe6 24. f5 Qd6 25. Nxd8 Rxd8 26. f6 e4 27. Qh5
Nd5 28. f7 Nf4 29. Qg4+ Kb8 30. g3 h5 31. Qd1 Bb6+ 32. Kh1 Nd3 33. Qxh5 Nxc1
34. Qxg5 Rf8 35. Rxc1 Rxf7 36. Qg4 Rc7 37. Rxc7 Qxc7 38. Qxe4 Qc1+ 39. Kg2
Qxd2+ 40. Kh3 Qxa2 41. Qe5+ Kb7 42. Qe4+ Kc7 43. g4 Qf7 44. g5 Qh5+ 45. Qh4
Qf3+ 46. Qg3+ Qxg3+ 47. Kxg3 Kd6 48. Kf4 Ke6 49. Ke4 Bd8 50. h4 Be7 51. Kd4
Bxb4 52. h5 Kf5 53. Kc4 Bf8 54. h6 Kxg5 55. h7 Bg7   0-1

[Event "U-20 Pan-American Chess Championship Absolute 2022"]
[Site "(Pereira - Risaralda) Gran Hotel. Calle 19 # 9-19"]
[Date "2022.08.27"]
[Round "8"]
[Board "2"]
[White "Escalona Landi, Samid Eduardo"]
[Black "Avila Rodriguez, Joshua Ad"]
[Result "1/2-1/2"]
[WhiteElo "2191"]
[BlackElo "2215"]
[PlyCount "43"]
[EventDate "2022.08.23"]
[EventRounds "9"]
[EventCountry "COL"]

1. d4 Nf6 2. Nf3 d5 3. c4 e6 4. g3 dxc4 5. Qa4+ Nbd7 6. Qxc4 c5 7. Bg2 a6 8.
Qc2 b5 9. dxc5 Bxc5 10. Nd4 Rb8 11. Nc6 Qc7 12. Nxb8 Bxf2+ 13. Kd1 Qxb8 14. Bf3
Bb6 15. Nc3 O-O 16. Ke1 e5 17. Kf1 b4 18. Nd1 Qa7 19. a3 e4 20. Bg2 Ne5 21. Bf4
Ng6 22. Bg5   1/2-1/2

[Event "U-20 Pan-American Chess Championship Absolute 2022"]
[Site "(Pereira - Risaralda) Gran Hotel. Calle 19 # 9-19"]
[Date "2022.08.27"]
[Round "8"]
[Board "3"]
[White "Lu, Maximillian"]
[Black "Mendez Machado, Andre"]
[Result "1-0"]
[WhiteElo "2442"]
[BlackElo "1995"]
[PlyCount "49"]
[EventDate "2022.08.23"]
[EventRounds "9"]
[EventCountry "COL"]

1. c4 e5 2. Nc3 Nf6 3. Nf3 e4 4. Ng5 b5 5. d3 exd3 6. cxb5 dxe2 7. Bxe2 Bb7 8.
O-O h6 9. Bf3 d5 10. Nh3 g5 11. Nxg5 hxg5 12. Bxg5 Qd6 13. Re1+ Be7 14. Bxf6
Qxf6 15. Nxd5 Bxd5 16. Qxd5 c6 17. bxc6 Na6 18. Qa5 Qf4 19. h3 Kf8 20. Qxa6 Bd6
21. c7 Qh2+ 22. Kf1 Qh1+ 23. Ke2 Re8+ 24. Kd3 Rxe1 25. c8=Q+   1-0

[Event "U-20 Pan-American Chess Championship Absolute 2022"]
[Site "(Pereira - Risaralda) Gran Hotel. Calle 19 # 9-19"]
[Date "2022.08.27"]
[Round "8"]
[Board "4"]
[White "Rojas Salas, Steven"]
[Black "Vasquez Vargas, Henry Richard"]
[Result "1/2-1/2"]
[WhiteElo "2199"]
[BlackElo "2130"]
[PlyCount "281"]
[EventDate "2022.08.23"]
[EventRounds "9"]
[EventCountry "COL"]

1. d4 Nf6 2. c4 g6 3. Nc3 d5 4. Nf3 Bg7 5. Bg5 Ne4 6. Bf4 Nxc3 7. bxc3 dxc4 8.
e3 b5 9. a4 c6 10. Qb1 Bf5 11. e4 Bd7 12. Bxc4 Qb6 13. Bd3 O-O 14. h4 bxa4 15.
Qc1 c5 16. d5 c4 17. Be2 Na6 18. Nd2 Qf6 19. Bxc4 Qxf4 20. Bxa6 Qf6 21. Bd3
Qxc3 22. Qxc3 Bxc3 23. Ra3 Rfc8 24. Ke2 Rab8 25. Nc4 Bb4 26. Ra2 a5 27. Ne5 Be8
28. Nc6 Bxc6 29. dxc6 Rxc6 30. Rxa4 h5 31. Rb1 Rd8 32. Rb3 Rc1 33. Ra2 Rd4 34.
Ke3 e5 35. Rc2 Re1+ 36. Re2 Rd1 37. Bc2 Rh1 38. g3 Ra1 39. Kf3 a4 40. Rb1 Ra3+
41. Kg2 Ra2 42. Kf3 a3 43. Rb3 Rc4 44. Bd3 Rxe2 45. Bxc4 a2 46. Kxe2 a1=Q 47.
Rxb4 Qc3 48. Rb8+ Kg7 49. Bd5 f5 50. Rb3 Qc2+ 51. Kf3 Qd1+ 52. Kg2 f4 53. Rf3
Qd2 54. Be6 Kf6 55. Bd5 g5 56. hxg5+ Kxg5 57. Be6 Qe2 58. Bf5 Qd1 59. Be6 fxg3
60. Rxg3+ Kf4 61. Bf5 h4 62. Re3 Kg5 63. Rf3 Qe2 64. Rh3 Qd1 65. Be6 Qe2 66.
Re3 Qc2 67. Bh3 Qb1 68. Bf5 Qc2 69. Re1 Qd2 70. Rh1 Qe2 71. Rh2 Qd2 72. Rh3 Qe2
73. Rf3 Qc2 74. Bh7 Kg4 75. Rf8 Kg5 76. Rg8+ Kh6 77. Bf5 h3+ 78. Kg1 h2+ 79.
Kg2 h1=Q+ 80. Kxh1 Qxf2 81. Rg2 Qe1+ 82. Rg1 Qh4+ 83. Kg2 Qg5+ 84. Kf2 Qd2+ 85.
Kg3 Qf4+ 86. Kh3 Qf3+ 87. Kh2 Qf2+ 88. Kh1 Qh4+ 89. Kg2 Qg5+ 90. Kf2 Qd2+ 91.
Kf1 Qd1+ 92. Kf2 Qd2+ 93. Kf1 Qd1+ 94. Kf2 Qd2+ 95. Kf3 Qd3+ 96. Kg4 Qe2+ 97.
Kh3 Qh5+ 98. Kg3 Kg5 99. Rg2 Qd1 100. Kh3+ Kf4 101. Rg4+ Kf3 102. Kh4 Qh1+ 103.
Kg5 Qh8 104. Kg6 Ke3 105. Kf7 Kd4 106. Rg8 Qh5+ 107. Bg6 Qf3+ 108. Kg7 Qg3 109.
Rd8+ Ke3 110. Rf8 Kd4 111. Rf6 Qa3 112. Rf7 Qg3 113. Kf6 Qf4+ 114. Ke6 Qg4+
115. Bf5 Qg8 116. Ke7 Qg5+ 117. Ke6 Qg8 118. Kf6 Qh8+ 119. Ke6 Qg8 120. Kf6
Qh8+ 121. Ke6 Qg8 122. Ke7 Qg5+ 123. Kf8 Qh6+ 124. Kg8 Qg5+ 125. Kh7 Qh5+ 126.
Kg7 Qg5+ 127. Bg6 Qg3 128. Rd7+ Ke3 129. Kf6 Kf4 130. Rf7 Qb3 131. Kg7+ Ke3
132. Bf5 Qb6 133. Bg6 Qb3 134. Bf5 Qb6 135. Bh7 Qd6 136. Bg6 Qb6 137. Re7 Kf4
138. Rf7+ Ke3 139. Kh6 Qb1 140. Kg5 Qg1+ 141. Kf6   1/2-1/2

[Event "U-20 Pan-American Chess Championship Absolute 2022"]
[Site "(Pereira - Risaralda) Gran Hotel. Calle 19 # 9-19"]
[Date "2022.08.27"]
[Round "8"]
[Board "5"]
[White "Londono Lopez, Donaldo"]
[Black "Cabezas Solano, David Alejandro"]
[Result "1-0"]
[WhiteElo "2044"]
[BlackElo "2196"]
[PlyCount "167"]
[EventDate "2022.08.23"]
[EventRounds "9"]
[EventCountry "COL"]

1. e4 c5 2. Nf3 Nc6 3. d4 cxd4 4. Nxd4 Nf6 5. Nc3 e5 6. Ndb5 d6 7. Bg5 a6 8.
Na3 b5 9. Nd5 Be7 10. Bxf6 Bxf6 11. c3 Bg5 12. Nc2 Rb8 13. a4 bxa4 14. Ncb4
Nxb4 15. cxb4 O-O 16. Qxa4 Bh6 17. Be2 Qh4 18. Bf3 f5 19. O-O fxe4 20. g3 Qg5
21. Bxe4 Bh3 22. Rfd1 Bg4 23. Qxa6 Bxd1 24. Rxd1 Qh5 25. Qf1 Bg5 26. f3 Qf7 27.
Qd3 Qa7+ 28. Kg2 h6 29. Qb3 Kh8 30. Bb1 Rbe8 31. h4 Bd8 32. Qc4 Re6 33. Qg4 Qf7
34. b5 h5 35. Qe4 g6 36. b6 Qb7 37. Ba2 Bxb6 38. Nxb6 Qxe4 39. fxe4 Ref6 40.
Rd2 Rd8 41. Bd5 g5 42. Rf2 Rxf2+ 43. Kxf2 gxh4 44. gxh4 Rb8 45. Nc4 Kg7 46. Ke2
Kf6 47. Kd2 Ke7 48. Kc2 Rf8 49. Ne3 Rf2+ 50. Kb1 Kd7 51. Nf5 Kc7 52. Ka2 Rh2
53. Ka3 Kb6 54. Bf7 Re2 55. Bd5 Rh2 56. Kb3 Kc5 57. Ka3 Kb6 58. b4 Rh3+ 59. Ka4
Rh1 60. Bf7 Ra1+ 61. Kb3 Re1 62. Bd5 Rb1+ 63. Kc3 Rc1+ 64. Kd3 Rb1 65. Nxd6
Rxb4 66. Nc4+ Kc5 67. Nxe5 Rb1 68. Ke3 Kd6 69. Nf3 Ke7 70. Kf4 Rf1 71. e5 Rd1
72. Be4 Rd8 73. Bf5 Rg8 74. Ng5 Rf8 75. Ne4 Rg8 76. Nf6 Rg1 77. Nxh5 Rf1+ 78.
Kg5 Re1 79. Nf4 Kf7 80. e6+ Ke7 81. h5 Rg1+ 82. Bg4 Ra1 83. h6 Ra8 84. h7   1-0

[Event "U-20 Pan-American Chess Championship Absolute 2022"]
[Site "(Pereira - Risaralda) Gran Hotel. Calle 19 # 9-19"]
[Date "2022.08.27"]
[Round "8"]
[Board "6"]
[White "Garcia De Dios, Jose Antonio"]
[Black "Garzon Zapatanga, Christopher Leonel"]
[Result "1/2-1/2"]
[WhiteElo "2135"]
[BlackElo "1911"]
[PlyCount "211"]
[EventDate "2022.08.23"]
[EventRounds "9"]
[EventCountry "COL"]

1. d4 Nf6 2. c4 c5 3. d5 b5 4. cxb5 a6 5. f3 g6 6. e4 d6 7. Na3 Bg7 8. Ne2 O-O
9. Nc3 Bb7 10. Be2 axb5 11. Naxb5 Na6 12. O-O Ne8 13. Be3 Nec7 14. Qd2 Nxb5 15.
Nxb5 Nc7 16. a4 Ba6 17. Ra3 Qd7 18. Nxc7 Qxc7 19. Bxa6 Rxa6 20. b4 cxb4 21.
Qxb4 Rb8 22. Qd2 Rb2 23. Rc1 Qb7 24. Qd3 Ra8 25. a5 Ra6 26. Rc6 Rxc6 27. dxc6
Qb4 28. Ra1 Rb3 29. c7 Rxd3 30. c8=Q+ Bf8 31. Qc1 Rxe3 32. Qxe3 Bg7 33. Rd1
Qxa5 34. Qd3 Bf6 35. Rb1 Kg7 36. Rf1 Qc5+ 37. Kh1 h5 38. f4 Qc3 39. Qe2 Qb2 40.
Qxb2 Bxb2 41. Rb1 Bd4 42. g3 f5 43. exf5 gxf5 44. Rb5 Kf6 45. Kg2 Kg6 46. Ra5
Bf6 47. Kf3 e5 48. fxe5 dxe5 49. Ra6 Kg7 50. Ke3 h4 51. Kd3 hxg3 52. hxg3 Kg6
53. Ra8 Bg5 54. Kc4 Kh5 55. Kd5 e4 56. Rg8 Kg4 57. Kd4 e3 58. Kd3 f4 59. gxf4
Kxf4 60. Rf8+ Kg4 61. Ke2 Bf4 62. Ra8 Bh6 63. Ra4+ Bf4 64. Rb4 Kg3 65. Re4 Kg4
66. Re8 Bh6 67. Kd3 Bg5 68. Ke4 Bh6 69. Rg8+ Bg5 70. Kd3 Kf4 71. Rf8+ Kg4 72.
Ke2 Bf4 73. Kf1 Kg3 74. Rc8 Kf3 75. Re8 Kg3 76. Ke2 Kg4 77. Re6 Bg5 78. Ra6 Bf4
79. Ra4 Kg3 80. Ra1 Bg5 81. Rh1 Kg4 82. Rg1+ Kf4 83. Rg2 Bh4 84. Rg8 Bg5 85.
Rf8+ Kg4 86. Rf1 Bh6 87. Rg1+ Kf4 88. Rg6 Bg5 89. Ra6 Kg4 90. Ra1 Bh6 91. Rf1
Bg5 92. Kd3 Kg3 93. Rf5 Kg4 94. Ra5 Bf4 95. Ra1 Bg5 96. Ke4 Kg3 97. Rh1 Kg2 98.
Rb1 Kg3 99. Rb2 Bh6 100. Kd3 Kf3 101. Rb6 Bg5 102. Rb1 Bh4 103. Rh1 e2 104.
Rh3+ Bg3 105. Rxg3+ Kxg3 106. Kxe2   1/2-1/2